| 000 | 00960nam a2200217Ia 4500 | ||
|---|---|---|---|
| 003 | IN-BaIIA | ||
| 008 | 211028s9999 xx 000 0 eng d | ||
| 040 | _cIIA Library | ||
| 080 |
_a524.316(082.2) _bDUP |
||
| 100 |
_aDupree, A. K. _915839 |
||
| 111 |
_aWorkshop on Cool Stars, Stellar Systems and the Sun _cHarvard-Smithsonian Centre for Astrophysics Cambridge MA 02138 _d1980 Jan. 31 _915840 |
||
| 245 | 0 |
_aCool stars,stellar systems and the sun _bproceedings of a workshop on cool stars,stellar systems and the sun, held in the Harvard-Smithsonian Centre for Astrophysics Cambridge MA 02138, on January 31, 1980 _cA. K. Dupree |
|
| 260 |
_aCambridge _c1980 |
||
| 300 | _avii,237p. | ||
| 490 | _aResearch in Space Science,SAO Special Report no.389 | ||
| 650 | _aAstronomy and Astrophysics Thesaurus | ||
| 650 |
_aCool stars _95425 |
||
| 650 |
_aStellar Systems _93271 |
||
| 650 |
_aSun _91200 |
||
| 942 | _cBK | ||
| 999 |
_c9405 _d9405 |
||